Rosell (Record no. 33423)

MARC details
000 -LEADER
campo de control de longitud fija 00601nam a2200169 i 4500
001 - NÚMERO DE CONTROL
campo de control 33423
003 - IDENTIFICADOR DE NÚMERO DE CONTROL
campo de control ES-MaACL
005 - FECHA Y HORA DE LA ÚLTIMA TRANSACCIÓN
campo de control 20230906154744.0
007 - CAMPO FIJO DE DESCRIPCIÓN FÍSICA--INFORMACIÓN GENERAL
campo de control de longitud fija t|
008 - DATOS DE LONGITUD FIJA--INFORMACIÓN GENERAL
campo de control de longitud fija 030202s1920 sp ||||1| spa d
100 1# - ENTRADA PRINCIPAL--NOMBRE DE PERSONA
Nombre de persona Beti, Manuel.
9 (RLIN) 28671
245 10 - MENCIÓN DEL TÍTULO
Título Rosell
Resto del título : pleito que por su dominio sostuvieron en el siglo XIII la orden de San Juan de Jerusalén y el real Monasterio de Benifaza /
Mención de responsabilidad, etc. por Manuel Beti.
260 ## - PUBLICACIÓN, DISTRIBUCIÓN, ETC.
Lugar de publicación, distribución, etc. [S.l. :
Nombre del editor, distribuidor, etc. s.n.,
Fecha de publicación, distribución, etc. 1920] (
Lugar de fabricación/manufactura Castellón :
Fabricante Hijos de J. Armengot)
300 ## - DESCRIPCIÓN FÍSICA
Extensión VIII, 104 p., 1 lám. ;
Dimensiones 20 cm.
610 24 - PUNTO DE ACCESO ADICIONAL DE MATERIA--NOMBRE DE ENTIDAD CORPORATIVA
Nombre de entidad corporativa o nombre de jurisdicción como elemento de entrada Orden de Malta.
9 (RLIN) 157829
852 ## - LOCALIZACIÓN
Ubicación ES-MaACL
Número de control de estantería F-5986
Holdings
Estatus retirado Estado de pérdida Estado de daño No para préstamo Biblioteca de origen Biblioteca actual Ubicación en estantería Fecha de adquisición Fuente de adquisición Total de préstamos Signatura topográfica completa Código de barras Visto por última vez Precio de reemplazo Tipo de ítem Koha
        Biblioteca del Ateneo de Madrid Biblioteca del Ateneo de Madrid Depósito 2 17/01/2008     F-5986 1034767 23/02/2023 23/02/2023 Libro impreso